[Event "World Rapid Women 2019"]
[Site "Moscow RUS"]
[Date "2019.12.26"]
[Round "3.16"]
[White "Bivol, Alina"]
[Black "Harika, Dronavalli"]
[Result "0-1"]
[WhiteTitle "WGM"]
[BlackTitle "GM"]
[WhiteElo "2374"]
[BlackElo "2518"]
[WhiteFideId "4100123"]
[BlackFideId "5015197"]
[EventDate "2019.12.26"]
[EventType "rapid"]

1. c4 e6 2. g3 d5 3. Bg2 Nf6 4. Nf3 d4 5. O-O c5 6. e3 Nc6 7. exd4 cxd4 8. d3
Be7 9. Re1 O-O 10. Bg5 h6 11. Bxf6 Bxf6 12. Nbd2 a5 13. c5 Be7 14. Rc1 Bd7 15.
Re4 Be8 16. Nb3 Bf6 17. Nbd2 Nb4 18. a3 Nxd3 19. Rc2 Bc6 20. Re2 Nf4 21. gxf4 d3
22. Nc4 dxc2 23. Qxc2 Rc8 24. Nd6 Rc7 25. b4 axb4 26. axb4 Bd5 27. Ne5 Bxe5 28.
fxe5 Qg5 0-1

[Event "World Rapid Women 2019"]
[Site "Moscow RUS"]
[Date "2019.12.26"]
[Round "3.17"]
[White "Sgircea, Silvia-Raluca"]
[Black "Mammadova, Gulnar"]
[Result "1/2-1/2"]
[WhiteTitle "WIM"]
[BlackTitle "IM"]
[WhiteElo "2271"]
[BlackElo "2386"]
[WhiteFideId "1213776"]
[BlackFideId "13403508"]
[EventDate "2019.12.26"]
[EventType "rapid"]

1. Nf3 g6 2. d4 Bg7 3. c4 d6 4. g3 Nd7 5. Bg2 e5 6. Nc3 Ne7 7. O-O O-O 8. e4
exd4 9. Nxd4 Nc6 10. Nxc6 bxc6 11. Bd2 Rb8 12. b3 Ne5 13. h3 c5 14. Rc1 Nc6 15.
Be3 Nd4 16. Ne2 Nxe2+ 17. Qxe2 f5 18. exf5 Bxf5 19. Qd2 Qd7 20. Kh2 Rbe8 21.
Rfe1 Re7 22. Bg5 Ree8 23. Be3 Kh8 24. Rcd1 Be4 25. Bxe4 Rxe4 26. Bxc5 Rfe8 27.
Rxe4 Rxe4 28. Be3 h5 29. Qd5 Qe8 30. h4 a6 31. Kg2 Re7 32. c5 dxc5 33. Qxc5 Kh7
34. Rd5 Rf7 35. Qc4 Qe7 36. Qd3 Be5 37. f4 Bf6 38. Rxh5+ Kg7 39. Rd5 Qe6 40. f5
Qc6 41. Kh2 Re7 42. Bf4 gxf5 43. Qxf5 Re2+ 44. Kh3 Re7 45. Qg4+ Kf7 46. Qh5+ Ke6
47. Qf5+ Kf7 48. Bg5 Re6 49. Qh7+ Ke8 50. Qg8+ Ke7 51. Qd8+ Kf7 52. Rd7+ Kg6 53.
Qg8+ Kf5 54. Qh7+ Ke5 55. Bf4# 1/2-1/2

[Event "World Rapid Women 2019"]
[Site "Moscow RUS"]
[Date "2019.12.26"]
[Round "3.18"]
[White "Afonasieva, Anna"]
[Black "Zatonskih, Anna"]
[Result "1-0"]
[WhiteTitle "WFM"]
[BlackTitle "IM"]
[WhiteElo "2302"]
[BlackElo "2420"]
[WhiteFideId "24173606"]
[BlackFideId "14101572"]
[EventDate "2019.12.26"]
[EventType "rapid"]

1. d4 d5 2. Nf3 e6 3. c4 Nf6 4. g3 dxc4 5. Qa4+ Nbd7 6. Bg2 a6 7. Qxc4 b5 8. Qc2
Bb7 9. O-O c5 10. dxc5 Bxc5 11. a3 Rc8 12. Qd1 O-O 13. b4 Be7 14. Bb2 Nb6 15.
Nbd2 Na4 16. Bd4 Nd5 17. Nb3 Ndc3 18. Qe1 Bd5 19. Nbd2 Bf6 20. Bxf6 Qxf6 21. e4
Bb7 22. Qe3 Rc7 23. Rfe1 Rd8 24. Rac1 Rdc8 25. Nd4 Nd5 26. exd5 Rxc1 27. Rxc1
Rxc1+ 28. Nf1 Rc8 29. Nc6 Kf8 30. Ne5 Kg8 31. dxe6 Bxg2 32. exf7+ Kh8 33. Kxg2
Nb6 34. Nd2 Rf8 35. Qc5 Rc8 36. Ne4 Qd8 37. f8=Q+ Qxf8 38. Qxb6 Re8 39. Qc7 Re7
40. Qd6 Qe8 41. Ng5 h6 42. Ng6+ 1-0

[Event "World Rapid Women 2019"]
[Site "Moscow RUS"]
[Date "2019.12.26"]
[Round "3.19"]
[White "Galliamova, Alisa"]
[Black "Manakova, Maria"]
[Result "1-0"]
[WhiteTitle "IM"]
[BlackTitle "WGM"]
[WhiteElo "2438"]
[BlackElo "2238"]
[WhiteFideId "4129725"]
[BlackFideId "927007"]
[EventDate "2019.12.26"]
[EventType "rapid"]

1. d4 Nf6 2. c4 e6 3. Nf3 b6 4. Bf4 Bb7 5. e3 Bb4+ 6. Nfd2 O-O 7. a3 Bxd2+ 8.
Nxd2 d6 9. Bd3 Nbd7 10. O-O e5 11. Bg3 Qe7 12. b4 c5 13. bxc5 bxc5 14. Rb1 Rab8
15. Qa4 a6 16. d5 Nh5 17. Bf5 Ndf6 18. Bh4 g6 19. Bd3 h6 20. f3 g5 21. Bf2 Ng7
22. Rb3 Qc7 23. Rfb1 Nd7 24. Ne4 f5 25. Nxd6 Bxd5 26. cxd5 Rxb3 27. Rxb3 Qxd6
28. Qxa6 Ne8 29. Rb7 e4 30. fxe4 fxe4 31. Be2 Qxa6 32. Bxa6 Ne5 33. Bg3 Nf7 34.
Rb8 Ned6 35. Rxf8+ Kxf8 36. a4 Ke7 37. a5 Kd7 38. Be2 Kc7 39. Kf1 Kb7 40. Ke1
Nf5 41. Bf2 Ne7 42. Kd2 Nxd5 43. Bc4 Kc6 44. Bg3 Nd8 45. Be5 Nb7 46. a6 Na5 47.
Ba2 Nb4 48. Bf7 Nxa6 49. Bg7 h5 50. Bxh5 Nc4+ 51. Ke2 Nb4 52. Bf6 Nd5 53. Bxg5
Ne5 54. Be8+ Kd6 55. h4 c4 56. h5 c3 57. Ba4 Nf7 58. Bf4+ Kc5 59. Bb3 Nxf4+ 60.
exf4 Kd4 61. Bxf7 c2 62. Kd2 e3+ 63. Kxc2 Ke4 64. h6 1-0

[Event "World Rapid Women 2019"]
[Site "Moscow RUS"]
[Date "2019.12.26"]
[Round "3.20"]
[White "Kovanova, Baira"]
[Black "Ambartsumova, Karina"]
[Result "1/2-1/2"]
[WhiteTitle "WGM"]
[BlackTitle "IM"]
[WhiteElo "2335"]
[BlackElo "2341"]
[WhiteFideId "4164083"]
[BlackFideId "4166299"]
[EventDate "2019.12.26"]
[EventType "rapid"]

1. d4 Nf6 2. Nf3 e6 3. c4 d5 4. g3 Be7 5. Bg2 O-O 6. O-O dxc4 7. Ne5 Nc6 8. Bxc6
bxc6 9. Nxc6 Qe8 10. Nxe7+ Qxe7 11. Qa4 e5 12. dxe5 Qxe5 13. Qxc4 Be6 14. Qc2
Bf5 15. Qc4 Be6 16. Qc2 Bf5 17. Qc4 Be6 1/2-1/2

[Event "World Rapid Women 2019"]
[Site "Moscow RUS"]
[Date "2019.12.26"]
[Round "3.21"]
[White "Voit, Daria"]
[Black "Nurgali, Nazerke"]
[Result "0-1"]
[WhiteTitle "WGM"]
[BlackTitle "WFM"]
[WhiteElo "2336"]
[BlackElo "2336"]
[WhiteFideId "4182146"]
[BlackFideId "13711261"]
[EventDate "2019.12.26"]
[EventType "rapid"]

1. d4 d5 2. c4 e6 3. Nf3 Nf6 4. g3 dxc4 5. Bg2 Nc6 6. Qa4 Bb4+ 7. Bd2 Nd5 8.
Bxb4 Nxb4 9. O-O Bd7 10. Ne5 O-O 11. Nxc6 Nxc6 12. Qxc4 Qe7 13. Nc3 a6 14. Rac1
Rac8 15. Ne4 e5 16. d5 Nd4 17. Nc3 b5 18. Qd3 b4 19. d6 Qxd6 20. Ne4 Qg6 21.
Rfe1 Bb5 22. Qd2 Rfd8 23. Qe3 Qh5 24. Bf1 f5 25. Nc5 f4 26. gxf4 exf4 27. Qxf4
Nxe2+ 28. Bxe2 Bxe2 29. Ne4 Rf8 30. Qe3 Bf3 31. Ng3 Qh3 32. Qe6+ Qxe6 33. Rxe6
c5 34. Rxa6 c4 35. Nf1 Rc5 36. Rb6 h5 37. h4 Rf4 38. Rxb4 Rxh4 39. Ng3 Rg5 40.
Kf1 Bd5 41. Rb8+ Kh7 42. Rf8 Rxg3 43. fxg3 Rh1+ 44. Ke2 Rxc1 45. Rf5 Be4 46.
Rxh5+ Kg6 47. Rh4 Bd3+ 48. Ke3 Rg1 49. Rg4+ Kf6 50. b3 cxb3 51. axb3 Bf5 52. Rb4
Rxg3+ 53. Kf2 Rc3 54. Rb6+ Ke5 0-1

[Event "World Rapid Women 2019"]
[Site "Moscow RUS"]
[Date "2019.12.26"]
[Round "3.22"]
[White "Badelka, Olga"]
[Black "Song, Yuxin"]
[Result "1/2-1/2"]
[WhiteTitle "IM"]
[BlackTitle "WIM"]
[WhiteElo "2399"]
[BlackElo "2299"]
[WhiteFideId "13509926"]
[BlackFideId "8614300"]
[EventDate "2019.12.26"]
[EventType "rapid"]

1. c4 e6 2. Nf3 d5 3. e3 c5 4. cxd5 Qxd5 5. Nc3 Qd8 6. d4 Nf6 7. Bb5+ Bd7 8. Bd3
Nc6 9. a3 a6 10. O-O Be7 11. dxc5 Bxc5 12. b4 Be7 13. Bb2 O-O 14. Qc2 h6 15.
Rfd1 Rc8 16. Qe2 b5 17. Rac1 Qb6 18. e4 Rfd8 19. e5 Nh7 20. Ne4 a5 21. Nd6 Bxd6
22. exd6 axb4 23. axb4 Rb8 24. Ne5 Nxe5 25. Qxe5 f6 26. Qg3 e5 27. Rc7 Ng5 28.
h4 Ne6 29. Rcc1 Be8 30. Bf5 Rxd6 31. Re1 Nf4 32. Ra1 Rd2 33. Bc1 Ne2+ 34. Rxe2
Rxe2 35. Bxh6 Qxf2+ 36. Qxf2 Rxf2 37. Kxf2 gxh6 38. Ra6 Kg7 39. Ra7+ Bf7 40. Be6
Rf8 41. Rb7 Kg6 42. h5+ Kg7 43. Ke3 Kg8 44. Bxf7+ Rxf7 45. Rxb5 Rg7 46. Rb8+ Kh7
47. Kf3 f5 48. b5 e4+ 49. Kf4 Rxg2 50. Kxf5 e3 51. b6 Rg7 52. Re8 Rb7 53. Ke4 1/2-1/2

[Event "World Rapid Women 2019"]
[Site "Moscow RUS"]
[Date "2019.12.26"]
[Round "3.23"]
[White "Muzychuk, Anna"]
[Black "Mikhaylova, Irina"]
[Result "1-0"]
[WhiteTitle "GM"]
[BlackTitle "WGM"]
[WhiteElo "2537"]
[BlackElo "2288"]
[WhiteFideId "14111330"]
[BlackFideId "4109040"]
[EventDate "2019.12.26"]
[EventType "rapid"]

1. e4 c5 2. Nf3 Nc6 3. Bb5 e6 4. O-O Nge7 5. Re1 Ng6 6. c3 Be7 7. d4 cxd4 8.
cxd4 d5 9. e5 O-O 10. g3 Bd7 11. Nc3 Re8 12. h4 Nf8 13. Be3 Na5 14. Bd3 Rc8 15.
Qe2 Nc4 16. Bg5 a6 17. Rac1 b5 18. b3 Na3 19. Qe3 b4 20. Ne2 Rxc1 21. Rxc1 Bb5
22. Nf4 h6 23. Bxe7 Rxe7 24. Qd2 a5 25. Rc5 Bxd3 26. Qxd3 Rc7 27. Qa6 Nd7 28.
Rxa5 Rc8 29. Nxe6 fxe6 30. Qxe6+ Kh8 31. Rxd5 Rc7 32. Qd6 Qc8 33. Qxb4 Nc2 34.
Qd6 Nf8 35. Rc5 Rxc5 36. dxc5 Ne6 37. c6 Nc7 38. a4 Qf5 39. Nd2 Ne1 40. Qxc7 Qd3
41. Qd7 Qe2 42. Qd8+ Kh7 43. Qd5 Nd3 44. Qe4+ 1-0

[Event "World Rapid Women 2019"]
[Site "Moscow RUS"]
[Date "2019.12.26"]
[Round "3.25"]
[White "Fataliyeva, Ulviyya"]
[Black "Muzychuk, Mariya"]
[Result "0-1"]
[WhiteTitle "WGM"]
[BlackTitle "GM"]
[WhiteElo "2387"]
[BlackElo "2559"]
[WhiteFideId "13403052"]
[BlackFideId "14114550"]
[EventDate "2019.12.26"]
[EventType "rapid"]

1. Nf3 c5 2. b3 Nc6 3. Bb2 Nf6 4. g3 g6 5. Bg2 Bg7 6. O-O O-O 7. c4 d6 8. e3 e5
9. Nc3 Bf5 10. Qe2 e4 11. Nh4 Bg4 12. f3 exf3 13. Bxf3 Bh3 14. Bg2 Bxg2 15. Qxg2
Qd7 16. Rad1 Rae8 17. Ne2 Ng4 18. Bxg7 Kxg7 19. h3 Nf6 20. Rf4 d5 21. Rdf1 Re6
22. Nc3 dxc4 23. bxc4 Nb4 24. g4 Nd3 25. R4f3 Ne5 26. Rf4 Nd3 27. R4f3 Ne5 28.
Rf4 Nd3 29. Rxf6 Rxf6 30. Rxf6 Kxf6 31. Nd5+ Kg7 32. Qf1 Qd8 33. Nf3 Nb4 34.
Qa1+ f6 35. Ng5 Qd7 36. Nxb4 cxb4 37. Qb2 Qc6 38. Qd4 Re8 39. d3 Re7 40. Ne4 Rd7
41. Qc5 Qxc5 42. Nxc5 Rd6 43. d4 Rc6 44. Nxb7 Rxc4 45. d5 Rc2 46. d6 Rd2 47. Kf1
Kf7 48. Ke1 Rd5 49. e4 Rd4 50. Ke2 Ke6 51. Ke3 Rxd6 0-1

[Event "World Rapid Women 2019"]
[Site "Moscow RUS"]
[Date "2019.12.26"]
[Round "3.26"]
[White "Pogonina, Natalija"]
[Black "Balaian, Alina"]
[Result "1-0"]
[WhiteTitle "WGM"]
[BlackTitle "WIM"]
[WhiteElo "2479"]
[BlackElo "2243"]
[WhiteFideId "4147855"]
[BlackFideId "24115347"]
[EventDate "2019.12.26"]
[EventType "rapid"]

1. d4 Nf6 2. c4 g6 3. Nf3 Bg7 4. e3 d5 5. cxd5 Nxd5 6. Be2 c5 7. dxc5 Qa5+ 8.
Nbd2 Qxc5 9. O-O Nb6 10. Nb3 Qc7 11. Nbd4 O-O 12. Bd2 Nc6 13. Rc1 Bd7 14. Nb5
Qb8 15. Bc3 e5 16. Ng5 Rd8 17. Qb3 Be8 18. Rfd1 a6 19. Nd6 Rxd6 20. Rxd6 Qxd6
21. Qxb6 Qe7 22. Ne4 f5 23. Nc5 Bf7 24. Nxb7 Bd5 25. Na5 Qg5 26. g3 Nd4 27. Bxd4
exd4 28. Bc4 Bxc4 29. Nxc4 dxe3 30. Qe6+ Kh8 31. Nxe3 h6 32. h4 Qf6 33. Qxf6
Bxf6 34. b3 Bd4 35. Nd5 Rd8 36. Nf4 Rd6 37. h5 g5 38. Ng6+ Kg7 39. Kg2 Kf6 40.
Rd1 Bc5 41. Rxd6+ Bxd6 42. f4 g4 43. Kf2 a5 44. Ke2 Bc5 45. Ne5 Ke6 46. Nc4 Bb4
47. a3 Bc3 48. Ne3 Bb2 49. Nc2 Bf6 50. Kd3 Be7 51. Kc4 Kd6 52. Nd4 Bf8 53. Nxf5+
Kc6 54. b4 a4 55. Ne3 Bg7 56. Nxg4 Bb2 57. b5+ Kb6 58. Kb4 1-0

[Event "World Rapid Women 2019"]
[Site "Moscow RUS"]
[Date "2019.12.26"]
[Round "3.27"]
[White "Styazhkina, Anna"]
[Black "Ushenina, Anna"]
[Result "0-1"]
[WhiteTitle "WIM"]
[BlackTitle "GM"]
[WhiteElo "2289"]
[BlackElo "2416"]
[WhiteFideId "24119300"]
[BlackFideId "14110911"]
[EventDate "2019.12.26"]
[EventType "rapid"]

1. e4 c5 2. Nf3 Nc6 3. d4 cxd4 4. Nxd4 Nf6 5. Nc3 e5 6. Ndb5 d6 7. Nd5 Nxd5 8.
exd5 Nb8 9. Qf3 a6 10. Qa3 Be7 11. Bg5 f6 12. Be3 O-O 13. Be2 b6 14. c4 Bb7 15.
Nc3 Nd7 16. O-O f5 17. f3 Rf6 18. Rad1 Rg6 19. Qb3 Bg5 20. Bf2 Bh4 21. Qc2 Bxf2+
22. Rxf2 Qg5 23. Bd3 Rf8 24. b4 Bc8 25. Rdf1 Rh6 26. f4 exf4 27. Rxf4 g6 28. Qf2
Qe7 29. h3 Ne5 30. Bc2 g5 31. Rd4 f4 32. c5 bxc5 33. bxc5 dxc5 34. d6 Rxd6 35.
Bb3+ Kh8 36. Rxd6 Qxd6 37. Ne4 Qe7 38. Qb2 Qg7 39. Re1 Nf3+ 0-1

[Event "World Rapid Women 2019"]
[Site "Moscow RUS"]
[Date "2019.12.26"]
[Round "3.28"]
[White "Khademalsharieh, Sarasadat"]
[Black "Enkhtuul, Altan-Ulzii"]
[Result "1-0"]
[WhiteTitle "IM"]
[BlackTitle "WGM"]
[WhiteElo "2487"]
[BlackElo "2200"]
[WhiteFideId "12512214"]
[BlackFideId "4901444"]
[EventDate "2019.12.26"]
[EventType "rapid"]

1. d4 Nf6 2. c4 c5 3. d5 b5 4. Qc2 bxc4 5. e4 d6 6. Bxc4 g6 7. Nc3 Bg7 8. Nf3
O-O 9. O-O Ba6 10. Bxa6 Nxa6 11. Rd1 Nd7 12. Bf4 Rb8 13. Rab1 Qa5 14. Qe2 Rfe8
15. e5 dxe5 16. Nxe5 Nxe5 17. Bxe5 Bxe5 18. Qxe5 c4 19. Qf4 Qb4 20. d6 e5 21.
Qg5 Kg7 22. d7 Red8 23. Qxe5+ f6 24. Qf4 Rb7 25. Nd5 Qf8 26. Qxc4 Nc5 27. Nf4
Kh6 28. b4 Nxd7 29. Ne6 Rxb4 30. Qxb4 Qxb4 31. Rxb4 1-0

[Event "World Rapid Women 2019"]
[Site "Moscow RUS"]
[Date "2019.12.26"]
[Round "3.29"]
[White "Bodnaruk, Anastasia"]
[Black "Nomin-Erdene, Davaademberel"]
[Result "0-1"]
[WhiteTitle "IM"]
[BlackTitle "IM"]
[WhiteElo "2413"]
[BlackElo "2425"]
[WhiteFideId "4181751"]
[BlackFideId "4900782"]
[EventDate "2019.12.26"]
[EventType "rapid"]

1. e4 c6 2. d4 d5 3. e5 Bf5 4. Nf3 e6 5. Be2 c5 6. O-O Nc6 7. c3 cxd4 8. Nxd4
Nxd4 9. cxd4 Ne7 10. a3 Nc6 11. b4 Be7 12. Bb2 O-O 13. Nd2 f6 14. Nb3 fxe5 15.
dxe5 a6 16. Rc1 Qe8 17. Bh5 Bg6 18. Bg4 Bf5 19. Nd4 Nxd4 20. Bxd4 a5 21. Rc7
axb4 22. axb4 Bxb4 23. Rxb7 Rb8 24. Ra7 Ra8 25. Rxa8 Qxa8 26. Bxf5 Rxf5 27. Qb3
Qa3 28. Qc2 Bf8 29. Qc8 Qe7 30. Rc1 Rf7 31. g3 Qd7 32. Qc6 Qxc6 33. Rxc6 Re7 34.
Rc8 Kf7 35. Bc5 Re8 36. Rc7+ Kg6 37. Be3 Kf5 38. f4 Rb8 39. Kf2 Ke4 40. Bd2 Rb2
41. Ke1 d4 42. Rf7 Ba3 43. f5 exf5 44. e6 Kd3 45. e7 Bxe7 46. Rxe7 Rxd2 47. h4
g6 48. Rxh7 Rg2 49. Ra7 Ke3 50. Kf1 Rxg3 51. Rg7 Rg4 52. Rg8 d3 53. Re8+ Re4 0-1

[Event "World Rapid Women 2019"]
[Site "Moscow RUS"]
[Date "2019.12.26"]
[Round "3.30"]
[White "Batsiashvili, Nino"]
[Black "Novikova, Anna"]
[Result "1-0"]
[WhiteTitle "GM"]
[BlackTitle "WIM"]
[WhiteElo "2447"]
[BlackElo "2260"]
[WhiteFideId "13602993"]
[BlackFideId "4146794"]
[EventDate "2019.12.26"]
[EventType "rapid"]

1. c4 e6 2. Nf3 d5 3. e3 Nf6 4. Nc3 c6 5. b3 Nbd7 6. Bb2 Bd6 7. d4 O-O 8. Bd3
dxc4 9. bxc4 e5 10. O-O Qe7 11. c5 Bc7 12. Nd2 Re8 13. Nc4 e4 14. Be2 Nf8 15.
Ba3 Be6 16. Nd6 Bxd6 17. cxd6 Qd7 18. f4 Bg4 19. Rb1 b6 20. Rc1 Rac8 21. h3 Bxe2
22. Nxe2 Nd5 23. Qd2 f5 24. Nc3 Qe6 25. Nxd5 Qxd5 26. Qb2 Nd7 27. Rfd1 a5 28.
Rd2 b5 29. Bc5 Ra8 30. Rdc2 Reb8 31. Qb3 Qxb3 32. axb3 Kf7 33. Ra1 b4 34. g4 g6
35. Kf2 Ke6 36. Rg1 a4 37. bxa4 b3 38. Rc3 Rxa4 39. Rb1 Ra2+ 40. Ke1 Rh2 41.
gxf5+ gxf5 42. Rbxb3 Rg8 43. Kf1 Rh1+ 44. Kf2 Rh2+ 45. Kf1 Rh1+ 46. Kf2 Rxh3 47.
Rc4 Rf3+ 48. Ke2 Rg2+ 49. Ke1 Rg1+ 50. Ke2 Rgf1 51. Kd2 Kd5 52. Rc2 h5 53. Rb7
Ke6 54. Rc7 h4 55. Rc8 h3 56. Rh8 R1f2+ 57. Kc1 Rxc2+ 58. Kxc2 Rxe3 59. d5+ cxd5
60. Bxe3 Kxd6 61. Rh6+ Ke7 62. Rxh3 Nf6 63. Kc3 1-0

[Event "World Rapid Women 2019"]
[Site "Moscow RUS"]
[Date "2019.12.26"]
[Round "3.31"]
[White "Dauletova, Gulmira"]
[Black "Paehtz, Elisabeth"]
[Result "0-1"]
[WhiteTitle "WIM"]
[BlackTitle "IM"]
[WhiteElo "2250"]
[BlackElo "2475"]
[WhiteFideId "13702971"]
[BlackFideId "4641833"]
[EventDate "2019.12.26"]
[EventType "rapid"]

1. e4 c5 2. Nf3 d6 3. d4 cxd4 4. Nxd4 Nf6 5. Nc3 a6 6. g3 g6 7. Bg2 Bg7 8. O-O
O-O 9. Bg5 Nc6 10. Nb3 Bg4 11. f3 Bd7 12. Nd5 Nxd5 13. exd5 Ne5 14. Re1 Nc4 15.
Qe2 Qb6+ 16. Kh1 Nxb2 17. c4 Rac8 18. Rac1 Bf5 19. Bxe7 Nd3 20. c5 dxc5 21. g4
Nxe1 22. gxf5 Nxg2 23. Qxg2 c4 24. Nd2 Qd4 25. d6 b5 26. Ne4 Rfd8 27. f6 Bh6 28.
Rg1 c3 29. Qc2 Qe3 30. Bxd8 Qxf3+ 31. Rg2 Rxd8 32. Nxc3 Qxf6 33. Ne4 Qf1+ 34.
Rg1 Qf3+ 35. Qg2 Qxg2+ 36. Kxg2 f5 37. Nc5 Rxd6 38. Re1 Kf7 39. Kf3 Bg7 40. Re2
Bd4 41. Nd3 Bf6 42. Nc5 Rc6 43. Nb3 Bc3 44. Rc2 Rc4 45. Ke3 Be5 46. Rxc4 bxc4
47. Na5 c3 48. h3 f4+ 49. Ke4 c2 50. Nb3 Bb2 0-1

[Event "World Rapid Women 2019"]
[Site "Moscow RUS"]
[Date "2019.12.26"]
[Round "3.32"]
[White "Atalik, Ekaterina"]
[Black "Barchuk, Irina"]
[Result "1-0"]
[WhiteTitle "IM"]
[WhiteElo "2462"]
[BlackElo "2121"]
[WhiteFideId "4130189"]
[BlackFideId "14119005"]
[EventDate "2019.12.26"]
[EventType "rapid"]

1. Nf3 g6 2. d4 Nf6 3. g3 Bg7 4. Bg2 O-O 5. O-O d6 6. b3 e5 7. dxe5 Nfd7 8. Bb2
Nc6 9. c4 Ndxe5 10. Nxe5 Nxe5 11. Nc3 Rb8 12. Qd2 a6 13. Rad1 Nd7 14. Nd5 Nf6
15. Bd4 Be6 16. Qc3 Bxd5 17. cxd5 Qe7 18. Rfe1 Nh5 19. Bxg7 Nxg7 20. e4 Qd7 21.
f4 c5 22. dxc6 bxc6 23. Qd3 Qa7+ 24. Qe3 Qc7 25. Qd3 Qa7+ 26. Kh1 Rfd8 27. f5 a5
28. Rf1 a4 29. f6 Ne6 30. Bh3 Rb7 31. e5 d5 32. Bxe6 fxe6 33. Rf3 axb3 34. axb3
Rdd7 35. Rdf1 Rf7 36. h4 Rb4 37. h5 gxh5 38. Qd2 Re4 39. Qg5+ Kf8 40. Qh6+ Ke8
41. Qc1 Qc7 42. Re3 Rxe5 43. Rxe5 Qxe5 44. Qxc6+ Kd8 45. Qa8+ Kd7 46. Qa4+ Kd8
47. Qa8+ Kd7 48. Qa7+ Qc7 49. Qe3 Qb7 50. Kh2 Qb4 51. Qa7+ Ke8 52. Qa8+ Kd7 53.
Qg8 Qf8 54. Qg5 Qd8 55. Kh3 Qf8 56. Qe5 Qd8 57. b4 h4 58. Kxh4 Qc7 59. Qh5 Qc4+
60. Rf4 Qxf4+ 61. gxf4 Rxf6 62. Qxh7+ Kd6 63. Kg4 Rf8 64. Qc2 Rb8 65. Qc5+ Kd7
66. b5 1-0

[Event "World Rapid Women 2019"]
[Site "Moscow RUS"]
[Date "2019.12.26"]
[Round "3.33"]
[White "Strutinskaia, Galina"]
[Black "Mkrtchian, Lilit"]
[Result "0-1"]
[WhiteTitle "WGM"]
[BlackTitle "IM"]
[WhiteElo "2214"]
[BlackElo "2395"]
[WhiteFideId "4108558"]
[BlackFideId "13300601"]
[EventDate "2019.12.26"]
[EventType "rapid"]

1. d4 e6 2. Nf3 c5 3. e3 Nf6 4. a3 b6 5. c4 Bb7 6. Be2 Be7 7. O-O O-O 8. Nc3
cxd4 9. Nxd4 a6 10. b4 d6 11. Bb2 Nbd7 12. Rc1 Rc8 13. Qb3 Qc7 14. Rfd1 Qb8 15.
Bf1 Bd8 16. Nce2 Bc7 17. f4 Rfe8 18. Qd3 g6 19. Nf3 e5 20. Ng5 h6 21. Nh3 Ne4
22. Nf2 Nxf2 23. Kxf2 Nf6 24. Kg1 Be4 25. Qd2 b5 26. fxe5 dxe5 27. c5 Bc6 28.
Ng3 h5 29. Qf2 Ng4 30. Qe2 e4 31. h3 Ne5 32. Nxh5 gxh5 33. Qxh5 Ng6 34. Rd6 Bxd6
35. cxd6 Qxd6 36. Rc5 Bb7 37. Rg5 Kf8 38. Bd4 Red8 39. Rf5 Ke8 40. Rf6 Qe7 41.
Rb6 Rxd4 42. exd4 e3 43. Qg4 Rc1 44. Qe2 Nf4 0-1

[Event "World Rapid Women 2019"]
[Site "Moscow RUS"]
[Date "2019.12.26"]
[Round "3.34"]
[White "Osmak, Iulija"]
[Black "Nosacheva, Mariya"]
[Result "1-0"]
[WhiteTitle "IM"]
[BlackTitle "WFM"]
[WhiteElo "2388"]
[BlackElo "2243"]
[WhiteFideId "14101602"]
[BlackFideId "34111422"]
[EventDate "2019.12.26"]
[EventType "rapid"]

1. e4 e5 2. Nf3 Nc6 3. Bc4 Bc5 4. d3 Nf6 5. a4 a6 6. c3 O-O 7. O-O d5 8. exd5
Nxd5 9. Nbd2 Bb6 10. Ne4 Kh8 11. Ng3 Nf4 12. d4 Bg4 13. h3 Bxf3 14. Qxf3 Ng6 15.
d5 Nce7 16. Nf5 Nxf5 17. Qxf5 Qd6 18. b3 Rae8 19. a5 Bc5 20. b4 Ba7 21. Bb2 Ne7
22. Qd3 f5 23. Ba2 Ng6 24. c4 Nf4 25. Qd1 Qxb4 26. Bb3 Qd6 27. Ba4 e4 28. Bxe8
Rxe8 29. Ra3 Qg6 30. g3 e3 31. Qf3 Nxh3+ 32. Kg2 Nxf2 33. Bc1 Ng4 34. Ra2 h6 35.
Re2 Qh5 36. Rh1 Qg5 37. Rf1 Qh5 38. Rh1 Qg5 39. Rf1 g6 40. d6 c6 41. Rd1 Ne5 42.
Bb2 Bc5 43. d7 Rd8 44. Bxe5+ Kh7 45. Bc7 1-0

[Event "World Rapid Women 2019"]
[Site "Moscow RUS"]
[Date "2019.12.26"]
[Round "3.35"]
[White "Protopopova, Anastasiya"]
[Black "Zhukova, Natalia"]
[Result "0-1"]
[WhiteTitle "WFM"]
[BlackTitle "GM"]
[WhiteElo "2230"]
[BlackElo "2324"]
[WhiteFideId "24172073"]
[BlackFideId "14101513"]
[EventDate "2019.12.26"]
[EventType "rapid"]

1. d4 Nf6 2. c4 c5 3. d5 b5 4. cxb5 a6 5. e3 g6 6. Nc3 Bg7 7. e4 O-O 8. a4 Bb7
9. Nf3 e6 10. Be3 exd5 11. exd5 Re8 12. Be2 axb5 13. Bxc5 Na6 14. Bd4 b4 15. Nb5
Bxd5 16. O-O Bc6 17. Rc1 Nc7 18. Bb6 Nfd5 19. Bc4 Nxb6 20. Nd6 Nxc4 21. Rxc4 Re6
22. Rf4 Nd5 23. Nxf7 Qe7 0-1

[Event "World Rapid Women 2019"]
[Site "Moscow RUS"]
[Date "2019.12.26"]
[Round "3.36"]
[White "Bulatova, Kamaliya"]
[Black "Assaubayeva, Bibisara"]
[Result "0-1"]
[WhiteTitle "WFM"]
[BlackTitle "FM"]
[WhiteElo "2143"]
[BlackElo "2375"]
[WhiteFideId "34111546"]
[BlackFideId "13708694"]
[EventDate "2019.12.26"]
[EventType "rapid"]

1. Nf3 Nf6 2. c4 g6 3. d4 Bg7 4. Nc3 O-O 5. e4 d6 6. h3 e5 7. d5 Nh5 8. g3 Na6
9. Be3 f5 10. exf5 gxf5 11. g4 Nf4 12. g5 Nc5 13. Bxf4 exf4 14. Qd2 Ne4 15. Qc2
Nxc3 16. bxc3 c6 17. O-O-O Qa5 18. Nd4 cxd5 19. Qb3 Bd7 20. Nc2 Qxc3 21. Qxc3
Bxc3 22. Bg2 dxc4 23. Rxd6 Bb5 24. Bxb7 Rab8 25. Bd5+ Kh8 26. g6 Rfd8 27. Rxd8+
Rxd8 28. Bf7 hxg6 29. Bxg6 Bd2+ 30. Kb1 Bc6 31. Rd1 Rb8+ 0-1

[Event "World Rapid Women 2019"]
[Site "Moscow RUS"]
[Date "2019.12.26"]
[Round "3.37"]
[White "Bogumil, Tatiana"]
[Black "Kulon, Klaudia"]
[Result "0-1"]
[WhiteTitle "WGM"]
[BlackTitle "IM"]
[WhiteElo "2182"]
[BlackElo "2345"]
[WhiteFideId "4110579"]
[BlackFideId "1131044"]
[EventDate "2019.12.26"]
[EventType "rapid"]

1. Nf3 Nf6 2. c4 g6 3. b3 Bg7 4. Bb2 O-O 5. g3 d6 6. d4 Nbd7 7. d5 a5 8. Bg2 a4
9. O-O Nb6 10. Nbd2 Bd7 11. Nd4 Qc8 12. Re1 c5 13. dxc6 bxc6 14. e4 e5 15. Nc2
Be6 16. Ne3 Nfd7 17. Qc2 f5 18. exf5 gxf5 19. f4 Rf7 20. Rac1 axb3 21. axb3 Ra2
22. Ra1 Rxb2 23. Qxb2 exf4 24. Qa3 fxe3 25. Rad1 Bc3 26. Qxd6 Nf8 27. Bxc6 Bxd2
28. Rxd2 exd2 29. Rd1 f4 30. Rxd2 Bxc4 31. gxf4 Bxb3 32. Rg2+ Ng6 0-1